000 00532nam a2200193Ia 4500
003 GCL
008 140319s9999 xx 000 0 ara d
040 _aGCL /
_cGCL
082 0 4 _aط
_b813.02
_bص ل
100 1 _aدار المعارف
245 1 0 _aقصة نوسة /
_cدار المعارف
260 _a[S.N] :
_bدار المعارف ،
_c1992
300 _a16 ص
490 _aلون واقرا
_v0
650 0 4 _aقصص البطولات
650 0 4 _aالاطفال
650 0 4 _aقصص الاطفال
942 _2ddc
_cBK
999 _c58354
_d58354